000 00588nam a2200229 a 4500
001 nice12345678
003 IN_TiNIC
005 20260116014202.0
008 050524s2003 dela grp 000 0 eng
020 _a8173910
_c995
082 0 0 _a340.59
_bORG
245 _aIslamic Views Human Rights
260 _aDelhi
_bKanishka Pub.
_c2003
300 _a399p
500 _aincludes index and biblioraphy
505 2 _aIndex
650 _aHuman Rights-Islam
710 2 _aOrganization for Islamic Culture & Communications
902 _bSRS
942 _cBK
999 _c14231
_d14231